Clinically translatable mitochondrial gene therapy in muscle using tandem mtZFN architecture
Mutations in the mitochondrial genome (mtDNA) often lead to clinical pathologies. Mitochondrially-targeted zinc finger nucleases (mtZFNs) have been successful in reducing the levels of mutation-bearing mtDNA both in vivo and in vitro, resulting in a shift in the genetic makeup of affected mitochondr...
Saved in:
| Main Authors: | , , , , , , , , , , , |
|---|---|
| Format: | Article (Journal) |
| Language: | English |
| Published: |
9 April 2025
|
| In: |
EMBO molecular medicine
Year: 2025, Volume: 17, Issue: 6, Pages: 1222-1237 |
| ISSN: | 1757-4684 |
| DOI: | 10.1038/s44321-025-00231-5 |
| Online Access: | Verlag, kostenfrei, Volltext: https://doi.org/10.1038/s44321-025-00231-5 |
| Author Notes: | Pavel A. Nash, Keira M. Turner, Christopher A. Powell, Lindsey Van Haute, Pedro Silva-Pinheiro, Felix Bubeck, Ellen Wiedtke, Eloïse Marques, Dylan G. Ryan, Dirk Grimm, Payam A. Gammage & Michal Minczuk |
MARC
| LEADER | 00000naa a2200000 c 4500 | ||
|---|---|---|---|
| 001 | 1966980310 | ||
| 003 | DE-627 | ||
| 005 | 20260323150758.0 | ||
| 007 | cr uuu---uuuuu | ||
| 008 | 260323s2025 xx |||||o 00| ||eng c | ||
| 024 | 7 | |a 10.1038/s44321-025-00231-5 |2 doi | |
| 035 | |a (DE-627)1966980310 | ||
| 035 | |a (DE-599)KXP1966980310 | ||
| 040 | |a DE-627 |b ger |c DE-627 |e rda | ||
| 041 | |a eng | ||
| 084 | |a 32 |2 sdnb | ||
| 100 | 1 | |a Nash, Pavel |e VerfasserIn |0 (DE-588)1393796877 |0 (DE-627)1966982593 |4 aut | |
| 245 | 1 | 0 | |a Clinically translatable mitochondrial gene therapy in muscle using tandem mtZFN architecture |c Pavel A. Nash, Keira M. Turner, Christopher A. Powell, Lindsey Van Haute, Pedro Silva-Pinheiro, Felix Bubeck, Ellen Wiedtke, Eloïse Marques, Dylan G. Ryan, Dirk Grimm, Payam A. Gammage & Michal Minczuk |
| 264 | 1 | |c 9 April 2025 | |
| 300 | |b Illustrationen, Diagramme | ||
| 300 | |a 16 | ||
| 336 | |a Text |b txt |2 rdacontent | ||
| 337 | |a Computermedien |b c |2 rdamedia | ||
| 338 | |a Online-Ressource |b cr |2 rdacarrier | ||
| 500 | |a Online veröffentlicht: 9 April 2025 | ||
| 500 | |a Gesehen am 23.03.2026 | ||
| 520 | |a Mutations in the mitochondrial genome (mtDNA) often lead to clinical pathologies. Mitochondrially-targeted zinc finger nucleases (mtZFNs) have been successful in reducing the levels of mutation-bearing mtDNA both in vivo and in vitro, resulting in a shift in the genetic makeup of affected mitochondria and subsequently to phenotypic rescue. Given the uneven distribution in the mtDNA mutation load across tissues in patients, and a great diversity in pathogenic mutations, it is of interest to develop mutation-specific, selective gene therapies that could be delivered to particular tissues. This study demonstrates the effectiveness of in vivo mitochondrial gene therapy using a novel mtZFN architecture on skeletal muscle using adeno-associated viral (AAV) platforms in a murine model harboring a pathogenic mtDNA mutation. We observed effective reduction in mutation load of cardiac and skeletal muscle, which was accompanied by molecular phenotypic rescue. The gene therapy treatment was shown to be safe when markers of immunity and inflammation were assessed. These results highlight the potential of curative approaches for mitochondrial diseases, paving the way for targeted and effective treatments. | ||
| 650 | 4 | |a Adeno-Associated Viruses (AAV) | |
| 650 | 4 | |a Gene Therapy | |
| 650 | 4 | |a mtDNA Heteroplasmy Modification | |
| 650 | 4 | |a Skeletal Muscle | |
| 650 | 4 | |a Zinc Finger Nuclease (mtZFN) | |
| 700 | 1 | |a Turner, Keira M. |e VerfasserIn |4 aut | |
| 700 | 1 | |a Powell, Christopher A. |e VerfasserIn |4 aut | |
| 700 | 1 | |a Van Haute, Lindsey |e VerfasserIn |4 aut | |
| 700 | 1 | |a Silva-Pinheiro, Pedro |e VerfasserIn |4 aut | |
| 700 | 1 | |a Bubeck, Felix |d 1992- |e VerfasserIn |0 (DE-588)1172685525 |0 (DE-627)104131955X |0 (DE-576)514732695 |4 aut | |
| 700 | 1 | |a Wiedtke, Ellen |e VerfasserIn |0 (DE-588)1071738372 |0 (DE-627)826301347 |0 (DE-576)433285206 |4 aut | |
| 700 | 1 | |a Marques, Eloïse |e VerfasserIn |4 aut | |
| 700 | 1 | |a Ryan, Dylan G. |e VerfasserIn |4 aut | |
| 700 | 1 | |a Grimm, Dirk |e VerfasserIn |0 (DE-588)1016476671 |0 (DE-627)70553376X |0 (DE-576)352260645 |4 aut | |
| 700 | 1 | |a Gammage, Payam A. |e VerfasserIn |4 aut | |
| 700 | 1 | |a Minczuk, Michal |e VerfasserIn |4 aut | |
| 773 | 0 | 8 | |i Enthalten in |a European Molecular Biology Organization |t EMBO molecular medicine |d [London] : Nature Publishing Group UK, 2009 |g 17(2025), 6, Seite 1222-1237 |h Online-Ressource |w (DE-627)594772761 |w (DE-600)2485479-7 |w (DE-576)305355961 |x 1757-4684 |7 nnas |
| 773 | 1 | 8 | |g volume:17 |g year:2025 |g number:6 |g pages:1222-1237 |g extent:16 |a Clinically translatable mitochondrial gene therapy in muscle using tandem mtZFN architecture |
| 856 | 4 | 0 | |u https://doi.org/10.1038/s44321-025-00231-5 |x Verlag |x Resolving-System |z kostenfrei |3 Volltext |7 0 |
| 951 | |a AR | ||
| 992 | |a 20260323 | ||
| 993 | |a Article | ||
| 994 | |a 2025 | ||
| 998 | |g 1016476671 |a Grimm, Dirk |m 1016476671:Grimm, Dirk |d 910000 |d 911700 |e 910000PG1016476671 |e 911700PG1016476671 |k 0/910000/ |k 1/910000/911700/ |p 10 |y j | ||
| 998 | |g 1071738372 |a Wiedtke, Ellen |m 1071738372:Wiedtke, Ellen |d 700000 |d 716000 |e 700000PW1071738372 |e 716000PW1071738372 |k 0/700000/ |k 1/700000/716000/ |p 7 | ||
| 998 | |g 1172685525 |a Bubeck, Felix |m 1172685525:Bubeck, Felix |d 910000 |d 911700 |e 910000PB1172685525 |e 911700PB1172685525 |k 0/910000/ |k 1/910000/911700/ |p 6 | ||
| 999 | |a KXP-PPN1966980310 |e 4941069587 | ||
| BIB | |a Y | ||
| SER | |a journal | ||
| JSO | |a {"name":{"displayForm":["Pavel A. Nash, Keira M. Turner, Christopher A. Powell, Lindsey Van Haute, Pedro Silva-Pinheiro, Felix Bubeck, Ellen Wiedtke, Eloïse Marques, Dylan G. Ryan, Dirk Grimm, Payam A. Gammage & Michal Minczuk"]},"title":[{"title":"Clinically translatable mitochondrial gene therapy in muscle using tandem mtZFN architecture","title_sort":"Clinically translatable mitochondrial gene therapy in muscle using tandem mtZFN architecture"}],"id":{"doi":["10.1038/s44321-025-00231-5"],"eki":["1966980310"]},"physDesc":[{"extent":"16 S.","noteIll":"Illustrationen, Diagramme"}],"type":{"bibl":"article-journal","media":"Online-Ressource"},"recId":"1966980310","note":["Online veröffentlicht: 9 April 2025","Gesehen am 23.03.2026"],"origin":[{"dateIssuedDisp":" 9 April 2025","dateIssuedKey":"2025"}],"person":[{"given":"Pavel","role":"aut","display":"Nash, Pavel","family":"Nash"},{"role":"aut","display":"Turner, Keira M.","family":"Turner","given":"Keira M."},{"role":"aut","family":"Powell","display":"Powell, Christopher A.","given":"Christopher A."},{"given":"Lindsey","role":"aut","family":"Van Haute","display":"Van Haute, Lindsey"},{"display":"Silva-Pinheiro, Pedro","family":"Silva-Pinheiro","role":"aut","given":"Pedro"},{"display":"Bubeck, Felix","family":"Bubeck","role":"aut","given":"Felix"},{"role":"aut","family":"Wiedtke","display":"Wiedtke, Ellen","given":"Ellen"},{"given":"Eloïse","role":"aut","family":"Marques","display":"Marques, Eloïse"},{"display":"Ryan, Dylan G.","family":"Ryan","role":"aut","given":"Dylan G."},{"given":"Dirk","role":"aut","display":"Grimm, Dirk","family":"Grimm"},{"display":"Gammage, Payam A.","family":"Gammage","role":"aut","given":"Payam A."},{"role":"aut","display":"Minczuk, Michal","family":"Minczuk","given":"Michal"}],"relHost":[{"pubHistory":["Vol. 1, No. 1 (Apr 1, 2009)-"],"origin":[{"publisher":"Nature Publishing Group UK ; EMBO Press ; Wiley-VCH","dateIssuedDisp":"[2009]-","publisherPlace":"[London] ; Heidelberg ; Weinheim"}],"disp":"European Molecular Biology OrganizationEMBO molecular medicine","language":["eng"],"physDesc":[{"extent":"Online-Ressource"}],"corporate":[{"role":"aut","display":"European Molecular Biology Organization"}],"part":{"extent":"16","volume":"17","issue":"6","year":"2025","pages":"1222-1237","text":"17(2025), 6, Seite 1222-1237"},"id":{"issn":["1757-4684"],"zdb":["2485479-7"],"doi":["10.1002/(ISSN)1757-4684"],"eki":["594772761"]},"name":{"displayForm":["European Molecular Biology Organization (EMBO)"]},"title":[{"title_sort":"EMBO molecular medicine","title":"EMBO molecular medicine"}],"note":["Gesehen am 5. November 2022","Fortsetzung der Druck-Ausgabe"],"recId":"594772761","type":{"media":"Online-Ressource","bibl":"periodical"}}],"language":["eng"]} | ||
| SRT | |a NASHPAVELTCLINICALLY9202 | ||